BIOIFORMATICS FOR HIGH THROUGHPUT SEQUENCING (Record no. 34281)

MARC details
000 -LEADER
fixed length control field 00433nam a22001697a 4500
003 - CONTROL NUMBER IDENTIFIER
control field SGT
020 ## - INTERNATIONAL STANDARD BOOK NUMBER
International Standard Book Number 9781461407812
082 ## - DEWEY DECIMAL CLASSIFICATION NUMBER
Classification number 616.01
Item number B12E
100 ## - MAIN ENTRY--PERSONAL NAME
Personal name EZPELETA, NAIARA R.
245 ## - TITLE STATEMENT
Title BIOIFORMATICS FOR HIGH THROUGHPUT SEQUENCING
250 ## - EDITION STATEMENT
Edition statement IST
260 ## - PUBLICATION, DISTRIBUTION, ETC. (IMPRINT)
Place of publication, distribution, etc NEW YORK
Name of publisher, distributor, etc SPRINGER PUB
Year of Publication 2012
300 ## - PAGE DESCRIPTION
No. of Pages 255
650 ## - SUBJECT ADDED ENTRY--TOPICAL TERM
Topical term or geographic name as entry element MICROBIOLOGY
653 ## - KEYWORDS--INDEX TERM
Keyword term BIOIFORMATICS FOR HIGH THROUGHPUT SEQUENCING
942 ## - ADDED ENTRY ELEMENTS (KOHA)
Source of classification or shelving scheme Dewey Decimal Classification
Koha item type Books
Holdings
Withdrawn status Lost status Source of classification or shelving scheme Damaged status Not for loan Collection code Home library Current library Shelving location Date acquired Vendor Name Cost, normal purchase price SGTU Bill Number Total Checkouts Full call number Accession No. (Barcode) Date last seen Bill Date Koha item type
    Dewey Decimal Classification   Not For Loan MEDICAL SGT Medical Library SGT Medical Library Reference Book 22/01/2026 ABC DELHI 15561.00 SGTU 22311   616.01 B12E FM16265 06/03/2026 22/01/2026 Books